000 00872cam a2200253 a 4500
001 12329998
005 20180215043906.0
008 010228s1998 gaua 001 0 eng d
010 _a 2001274897
020 _a1890957267
035 _a(OCoLC)ocm42286153
040 _aCHY
_cCHY
_dDLC
041 _aeng
042 _alccopycat
080 _a640 FC
082 0 0 _a640 FC
_221
100 _a41
101 _aNDE
245 0 0 _aFix it, clean it, and make it last :
_cby the editors of FC&A.
246 3 _aUltimate guide to making your household items last forever
906 _a7
_bcbc
_ccopycat
_d2
_encip
_f20
_gy-gencatlg
942 _2ddc
_cBK
999 _c42616
_d42616